| 000 | 00652nam a22001697a 4500 | ||
|---|---|---|---|
| 003 | OSt | ||
| 005 | 20260227154942.0 | ||
| 008 | 240618b ||||| |||| 00| 0 eng d | ||
| 040 | _cAIMIT LIBRARY | ||
| 100 |
_aBhoomika, MS. _e2116038 _9171079 |
||
| 245 |
_aStudy of factors infuencing the financial performance of Dakshina Kannada co-operative milk producers union ltd (DKMUL) / _cBy MS Bhoomika ; Guided by Sumitha Achar. |
||
| 260 |
_aMangalore _c2023 |
||
| 650 |
_aLiterature mapping _9171080 |
||
| 700 |
_aAchare, Sumitha. _qGuide _9171081 |
||
| 856 |
_3Dakshina Kannada Co-operative Milk Producers Union Limited _ywww.dkmul.com |
||
| 942 |
_2ddc _cPRO |
||
| 999 |
_c231203 _d231203 |
||